00632nam a2200169 i 450000100060000000300090000600500170001500700030003200800410003524501080007626000300018430000210021471000570023585200320029299900170032495201210034182919ES-MaACL20230906174743.0t|041112s1980 sp s ||||1| spa d00aCenso industrial de España 1978 b: serie provincial : Huesca /cInstituto Nacional de Estadística. a[Madrid : bs.n., c1980] a79 p. ; c29 cm.2 aInstituto Nacional de Estadística (España)95162 aES-MaACLjG-4316 bR.100406 c82919d82919 00104070aATENEOMbATENEOMcDEPO2d2008-01-17eSCl0oG-4316p1086654r2023-02-23 00:00:00w2023-02-23yMONOGRAFIA